[Event "ØBRO 85 års jubilæumsturnering"]
[Site "?"]
[Date "2021.10.30"]
[Round "9.4"]
[White "Aczel, Gergely"]
[Black "Siddharth, Jagadeesh"]
[Result "1/2-1/2"]
[BlackElo "2336"]
[WhiteElo "2556"]
[LiveChessVersion "1.4.6"]

1. c4 {[%clk 1:28:04]} c5 {[%clk 1:30:20]} 2. Nc3 {[%clk 1:28:19]} Nc6
{[%clk 1:30:38]} 3. Nf3 {[%clk 1:28:42]} Nf6 {[%clk 1:30:57]} 4. g3
{[%clk 1:29:06]} d5 {[%clk 1:31:16]} 5. d4 {[%clk 1:29:29]} cxd4 {[%clk 1:31:36]}
6. Nxd4 {[%clk 1:29:55]} dxc4 {[%clk 1:31:59]} 7. Nxc6 {[%clk 1:30:21]} Qxd1+
{[%clk 1:32:14]} 8. Nxd1 {[%clk 1:30:47]} bxc6 {[%clk 1:32:34]} 9. Bg2
{[%clk 1:31:12]} Nd5 {[%clk 1:32:57]} 10. Ne3 {[%clk 1:31:34]} e6
{[%clk 1:33:21]} 11. Nxc4 {[%clk 1:31:57]} Ba6 {[%clk 1:33:44]} 12. Na5
{[%clk 1:31:57]} Rc8 {[%clk 1:34:07]} 13. Bd2 {[%clk 1:28:53]} Be7
{[%clk 1:34:30]} 14. Rc1 {[%clk 1:21:25]} c5 {[%clk 1:34:53]} 15. b3
{[%clk 0:57:46]} O-O {[%clk 1:35:11]} 16. Bf3 {[%clk 0:57:58]} Rfd8
{[%clk 1:35:34]} 17. O-O {[%clk 0:57:22]} Nb4 {[%clk 1:35:57]} 18. Bxb4
{[%clk 0:34:30]} cxb4 {[%clk 1:36:19]} 19. Nc6 {[%clk 0:25:23]} Bg5
{[%clk 1:36:37]} 20. Nxd8 {[%clk 0:25:15]} Bxc1 {[%clk 1:35:50]} 21. Nc6
{[%clk 0:23:42]} Bg5 {[%clk 1:35:58]} 22. h4 {[%clk 0:19:07]} Bf6
{[%clk 1:35:07]} 23. Nxb4 {[%clk 0:18:44]} Bb5 {[%clk 1:35:25]} 24. a4
{[%clk 0:16:29]} Be7 {[%clk 1:31:18]} 25. Nd5 {[%clk 0:15:53]} exd5
{[%clk 1:30:42]} 26. axb5 {[%clk 0:16:21]} d4 {[%clk 1:30:09]} 27. Rd1
{[%clk 0:12:18]} Bc5 {[%clk 1:28:40]} 28. Bd5 {[%clk 0:12:34]} Bb6
{[%clk 1:28:37]} 29. Bc4 {[%clk 0:12:18]} Kf8 {[%clk 1:28:05]} 30. Kg2
{[%clk 0:12:30]} Ke7 {[%clk 1:28:24]} 31. g4 {[%clk 0:08:38]} h6 {[%clk 1:23:29]}
32. Rd3 {[%clk 0:09:01]} Rc7 {[%clk 1:20:56]} 33. Rf3 {[%clk 0:09:12]} f6
{[%clk 1:19:17]} 34. Rd3 {[%clk 0:09:10]} g6 {[%clk 1:10:11]} 35. Rf3
{[%clk 0:08:02]} Rc5 {[%clk 1:10:09]} 36. Rd3 {[%clk 0:06:47]} Rc7
{[%clk 1:08:26]} 37. Rd1 {[%clk 0:07:07]} Kf8 {[%clk 1:08:04]} 38. Kf3
{[%clk 0:06:48]} Kg7 {[%clk 1:06:20]} 39. Ke4 {[%clk 0:06:38]} Re7+
{[%clk 1:04:51]} 40. Kd5 {[%clk 0:05:50]} Re5+ {[%clk 1:01:18]} 41. Kc6
{[%clk 0:03:41]} Rc5+ {[%clk 0:58:14]} 42. Kd6 {[%clk 0:02:18]} Re5
{[%clk 0:55:33]} 43. Rc1 {[%clk 0:00:55]} Rc5 {[%clk 0:55:06]} 44. Ra1
{[%clk 0:11:27]} Rc8 {[%clk 1:02:03]} 45. f3 {[%clk 0:10:25]} Rc5
{[%clk 0:48:53]} 46. Ra4 {[%clk 0:10:25]} h5 {[%clk 0:48:38]} 47. Bd3
{[%clk 0:09:52]} hxg4 {[%clk 0:42:15]} 48. fxg4 {[%clk 0:10:20]} Rc3
{[%clk 0:33:07]} 49. Bc4 {[%clk 0:08:57]} f5 {[%clk 0:33:06]} 50. gxf5
{[%clk 0:08:15]} gxf5 {[%clk 0:33:18]} 51. Ra1 {[%clk 0:03:21]} Rh3
{[%clk 0:30:24]} 52. Rf1 {[%clk 0:02:25]} Rxh4 {[%clk 0:26:23]} 53. Rxf5
{[%clk 0:02:53]} Rh8 {[%clk 0:23:37]} 54. Ke7 {[%clk 0:03:20]} Bd8+
{[%clk 0:22:03]} 55. Kd7 {[%clk 0:03:23]} Bb6 {[%clk 0:22:12]} 56. Rf7+
{[%clk 0:02:57]} Kg6 {[%clk 0:22:40]} 57. Rf4 {[%clk 0:02:43]} Kg7
{[%clk 0:15:23]} 58. Ke7 {[%clk 0:02:45]} Bc5+ {[%clk 0:14:53]} 59. Ke6
{[%clk 0:03:07]} Re8+ {[%clk 0:14:06]} 60. Kd5 {[%clk 0:02:50]} Bb6
{[%clk 0:14:20]} 61. Kc6 {[%clk 0:02:03]} Re7 {[%clk 0:14:49]} 62. Rf1
{[%clk 0:02:10]} Kg6 {[%clk 0:10:50]} 63. Kd6 {[%clk 0:02:28]} Rc7
{[%clk 0:11:11]} 64. Ke6 {[%clk 0:02:18]} Kg5 {[%clk 0:09:02]} 65. Ke5
{[%clk 0:01:40]} Rc5+ {[%clk 0:06:57]} 66. Ke6 {[%clk 0:02:03]} Rc7
{[%clk 0:05:58]} 67. Bd3 {[%clk 0:02:05]} Kg4 {[%clk 0:04:41]} 68. Kf6
{[%clk 0:02:17]} Rc3 {[%clk 0:03:57]} 69. Bc4 {[%clk 0:01:31]} Re3
{[%clk 0:04:26]} 70. Bd3 {[%clk 0:01:24]} Bd8+ {[%clk 0:04:25]} 71. Kg6
{[%clk 0:01:23]} Bb6 {[%clk 0:04:42]} 72. Rf6 {[%clk 0:01:23]} Kg3
{[%clk 0:04:15]} 73. Rf5 {[%clk 0:01:20]} Kg4 {[%clk 0:03:40]} 74. Rf8
{[%clk 0:01:11]} Kg3 {[%clk 0:04:05]} 75. Bc4 {[%clk 0:01:17]} Kg2
{[%clk 0:03:55]} 76. Kg5 {[%clk 0:01:17]} Kg3 {[%clk 0:04:08]} 77. Rf7
{[%clk 0:01:14]} Re5+ {[%clk 0:04:18]} 78. Kf6 {[%clk 0:01:31]} Re3
{[%clk 0:04:45]} 79. Rh7 {[%clk 0:01:16]} Kf2 {[%clk 0:04:43]} 80. Rh1
{[%clk 0:01:31]} Kg2 {[%clk 0:04:58]} 81. Bd5+ {[%clk 0:00:38]} Kf2
{[%clk 0:05:06]} 82. Bc4 {[%clk 0:00:59]} Kg2 {[%clk 0:05:33]} 83. Rc1
{[%clk 0:00:42]} Kf2 {[%clk 0:05:53]} 84. Rc2 {[%clk 0:01:04]} Bd8+
{[%clk 0:06:10]} 85. Kf5 {[%clk 0:01:29]} Bb6 {[%clk 0:06:06]} 86. Bd3
{[%clk 0:01:42]} Kg3 {[%clk 0:04:28]} 87. b4 {[%clk 0:01:47]} Kf2
{[%clk 0:03:51]} 88. Kf4 {[%clk 0:02:08]} Ke1 {[%clk 0:02:35]} 89. Ra2
{[%clk 0:01:48]} Bc7+ {[%clk 0:02:56]} 90. Kf5 {[%clk 0:02:01]} Bb6
{[%clk 0:03:18]} 91. Kg4 {[%clk 0:02:27]} Kf2 {[%clk 0:02:02]} 92. Rc2
{[%clk 0:02:27]} Ke1 {[%clk 0:02:22]} 93. Kf4 {[%clk 0:02:51]} Kd1
{[%clk 0:02:25]} 94. Ra2 {[%clk 0:02:45]} Ke1 {[%clk 0:02:53]} 95. Ra1+
{[%clk 0:02:25]} Kf2 {[%clk 0:03:14]} 96. Rc1 {[%clk 0:02:23]} Re7
{[%clk 0:02:41]} 97. Rh1 {[%clk 0:01:05]} Re3 {[%clk 0:03:01]} 98. Kg4
{[%clk 0:01:12]} Rg3+ {[%clk 0:03:25]} 99. Kf5 {[%clk 0:01:30]} Re3
{[%clk 0:03:52]} 100. Rc1 {[%clk 0:01:00]} Rxe2 {[%clk 0:01:09]} 101. Kf4
{[%clk 0:00:57]} Re3 {[%clk 0:00:50]} 102. Rf1+ {[%clk 0:01:13]} Kg2
{[%clk 0:01:18]} 103. Rd1 {[%clk 0:01:34]} Bc7+ {[%clk 0:01:00]} 104. Kf5
{[%clk 0:01:44]} Kg3 {[%clk 0:00:52]} 105. Be4 {[%clk 0:01:33]} Bb6
{[%clk 0:00:44]} 106. Rd2 {[%clk 0:01:50]} Kh3 {[%clk 0:00:47]} 107. Kf4
{[%clk 0:01:35]} Bc7+ {[%clk 0:01:15]} 108. Kf5 {[%clk 0:02:00]} Bb6
{[%clk 0:01:42]} 109. Bd5 {[%clk 0:01:31]} Kg3 {[%clk 0:00:59]} 110. Rg2+
{[%clk 0:01:54]} Kh3 {[%clk 0:01:22]} 111. Rg7 {[%clk 0:01:54]} Re8
{[%clk 0:01:00]} 112. Kf4 {[%clk 0:01:51]} Rf8+ {[%clk 0:01:24]} 113. Ke4
{[%clk 0:02:10]} Re8+ {[%clk 0:01:49]} 114. Kf3 {[%clk 0:02:31]} Rf8+
{[%clk 0:01:18]} 115. Bf7 {[%clk 0:02:36]} Kh4 {[%clk 0:01:15]} 116. Rg4+
{[%clk 0:02:51]} Kh3 {[%clk 0:01:35]} 117. Rf4 {[%clk 0:03:13]} Kh2
{[%clk 0:01:47]} 118. Ke4 {[%clk 0:01:32]} Kg3 {[%clk 0:01:27]} 119. Rf3+
{[%clk 0:01:40]} 1/2-1/2